BSOP header

Charles Hartshorne. (Record no. 18072)

MARC details
000 -LEADER
fixed length control field 00568nam a2200181 4500
008 - FIXED-LENGTH DATA ELEMENTS--GENERAL INFORMATION
fixed length control field 031110s1973 txu b 000 0 eng
020 ## - INTERNATIONAL STANDARD BOOK NUMBER
International Standard Book Number 0876802706 :USD5.95
090 ## - LOCALLY ASSIGNED LC-TYPE CALL NUMBER (OCLC); LOCAL CALL NUMBER (OCLC)
Classification number (OCLC) (R) ; Classification number, CALL (RLIN) (NR) B945.H354
Local cutter number (OCLC) ; Book number/undivided call number, CALL (RLIN) G72
100 1# - MAIN ENTRY--PERSONAL NAME
Personal name Gragg, Alan.
245 00 - TITLE STATEMENT
Title Charles Hartshorne.
260 ## - PUBLICATION, DISTRIBUTION, ETC. (IMPRINT)
Place of publication, distribution, etc Waco, Texas :
Name of publisher, distributor, etc Word Books,
Date of publication, distribution, etc [1973]
300 ## - PHYSICAL DESCRIPTION
Extent 127 p.
Dimensions 23 cm.
350 ## - PRICE (NR) (BK AM CF MU VM SE) [OBSOLETE]
Price
-- .95
490 1# - SERIES STATEMENT
Series statement Makers of the modern theological mind
504 ## - BIBLIOGRAPHY, ETC. NOTE
Bibliography, etc Bibliography: p. 124-127.
600 10 - SUBJECT ADDED ENTRY--PERSONAL NAME
Personal name Hartshorne, Charles,
Dates associated with a name 1897-2000.
951 ## - EQUIVALENCE OR CROSS-REFERENCE-GEOGRAPHIC NAME/AREA NAME [OBSOLETE] [CAN/MARC only]
General subdivision 00005857
951 ## - EQUIVALENCE OR CROSS-REFERENCE-GEOGRAPHIC NAME/AREA NAME [OBSOLETE] [CAN/MARC only]
-- 9143
-- B945.H354/G72
-- 070613111322171
-- 2000-12-21
-- GC
Holdings
Withdrawn status Lost status Damaged status Not for loan Home library Current library Shelving location Date acquired Accession number Shelving control number Total Checkouts Full call number Barcode Date last seen Price effective from Koha item type
        BSOP Library BSOP Library GC 12/21/2000 9143 127   B945.H354/G72 00005857 02/23/2013 02/23/2013 Books
BSOP

Biblical Seminary of the Philippines
  All rights Reserved
  © 2024

CONTACT INFORMATION

Biblical Seminary of the Philippines,
  77-B Karuhatan Road, Valenzuela City,
  PHILIPPINES 1441
  Phone: +632 8292-6795 / 8292-6798
  Fax : +632 8292-6675
  Email: library@bsop.edu.ph